[Event "VCN SchaakFestival"]
[Site "Soest"]
[Date "1999.05.16"]
[Round "7"]
[White "Tenwolde, Aad"]
[Black "Van Run, Rieke"]
[Result "1-0"]
[WhiteElo "1628"]
[BlackElo "1514"]
[PlyCount "53"]
[EventDate "1999.05.14"]
[EventType "swiss"]
[EventRounds "7"]
[EventCountry "NED"]
[SourceTitle "EXT 2000"]
[Source "ChessBase"]
[SourceDate "1999.11.16"]
[SourceVersion "1"]
[SourceVersionDate "1999.11.16"]
[SourceQuality "1"]

1. e4 e6 2. d4 d5 3. Nd2 c5 4. exd5 cxd4 5. Bb5+ Bd7 6. dxe6 Bxb5 7. exf7+ Kxf7 8. Qh5+ g6 9. Qxb5 Qe7+ 10. Qe2 Qxe2+ 11. Nxe2 Bg7 12. Ne4 b6 13. c3 dxc3 14. N2xc3 Nc6 15. Be3 Rd8 16. 0-0 Nf6 17. Rac1 Nxe4 18. Nxe4 Nb8 19. b3 Rhe8 20. Rc7+ Re7 21. Rxe7+ Kxe7 22. Bg5+ Ke8 23. Bxd8 Kxd8 24. Re1 h6 25. Nd6 Nc6 26. Rd1 Ke7 27. Nc8+ 1-0

[Event "VCN SchaakFestival"]
[Site "Soest"]
[Date "1999.05.15"]
[Round "3"]
[White "Tenwolde, Aad"]
[Black "De Mol, Ferdinand"]
[Result "0-1"]
[WhiteElo "1628"]
[BlackElo "1512"]
[PlyCount "116"]
[EventDate "1999.05.14"]
[EventType "swiss"]
[EventRounds "7"]
[EventCountry "NED"]
[SourceTitle "EXT 2000"]
[Source "ChessBase"]
[SourceDate "1999.11.16"]
[SourceVersion "1"]
[SourceVersionDate "1999.11.16"]
[SourceQuality "1"]

1. e4 c5 2. Nc3 d6 3. g3 Bd7 4. Bg2 Nc6 5. d3 h6 6. Be3 e5 7. Qd2 Nf6 8. h3 Qa5 9. Nge2 b5 10. 0-0 g5 11. a3 Rc8 12. b4 Qb6 13. Rfb1 Nd4 14. Bxd4 cxd4 15. Nd1 Be6 16. Rc1 Qb7 17. c3 Qd7 18. Kh2 d5 19. cxd4 Rxc1 20. Rxc1 dxe4 21. dxe5 Qxd3 22. Qxd3 exd3 23. Nec3 Nd7 24. Bc6 Kd8 25. Bxd7 Bxd7 26. Ne3 a5 27. Rd1 axb4 28. axb4 Bxb4 29. Rxd3 Bxc3 30. Rxc3 Be6 31. Rd3+ Ke7 32. Nd5+ Bxd5 33. Rxd5 Rb8 34. f4 gxf4 35. gxf4 b4 36. f5 b3 37. Rd1 b2 38. Rb1 Rb5 39. Kg3 Rxe5 40. Rxb2 Rxf5 41. Rb7+ Kf8 42. h4 h5 43. Rb4 Kg7 44. Rb7 Kf6 45. Rb3 Ke5 46. Rb4 Kf6 47. Rb6+ Kg7 48. Rb4 Kg6 49. Rb6+ f6 50. Rb4 Rf1 51. Kg2 Re1 52. Rf4 f5 53. Ra4 Re4 54. Ra6+ Kg7 55. Kg3 Rg4+ 56. Kh3 f4 57. Ra3 Kf6 58. Rc3 Ke5 0-1